[Event "Terrassa op"]
[Site "Terrassa"]
[Date "1996.??.??"]
[Round "4"]
[White "Magnelli Miranda, Raul"]
[Black "Flores Gomez, MA."]
[Result "1-0"]
[WhiteElo "2065"]
[BlackElo "2050"]
[PlyCount "51"]
[EventDate "1996.07.??"]
[EventType "swiss"]
[EventRounds "9"]
[EventCountry "ESP"]
[SourceTitle "EXT 2002"]
[Source "ChessBase"]
[SourceDate "2001.11.25"]
[SourceVersion "1"]
[SourceVersionDate "2001.11.25"]
[SourceQuality "1"]

1. d4 Nf6 2. c4 g6 3. Nc3 d5 4. cxd5 Nxd5 5. e4 Nxc3 6. bxc3 Bg7 7. Bc4 0-0 8. Ne2 c5 9. 0-0 cxd4 10. cxd4 Nc6 11. Be3 Na5 12. Rc1 Nxc4 13. Rxc4 b6 14. Qa4 a5 15. Nc3 Ba6 16. Nb5 Qd7 17. Rb1 Rac8 18. Rxc8 Rxc8 19. d5 Qg4 20. f3 Qh4 21. Na7 Bd3 22. Nxc8 Bxb1 23. Qe8+ Bf8 24. g3 Qh5 25. Nxe7+ Kg7 26. Bd4+ 1-0